000 00614nam a2200205Ia 4500
005 20260429112100.0
008 260429s9999||||xx |||||||||||||| ||und||
020 _a9788126916375
041 _aEnglish
082 _a620.5
_bVAR
100 _aVarghese, Thomas
245 0 _aNanotechnology :
_ban introduction to synthesis, properties and applications of nanomaterials /
_cThomas Varghese
250 _a1st ed.
260 _bAtlantic Publishers and Distributors,
_c2020.
300 _axi, 212 p.; hb
650 _a Nanomaterials
650 _aNanotechnology
700 _a Balakrishna, K. M.
942 _cTB
999 _c52255
_d52255